Islamic da'wah (mission) : The defination, conception & foundation
| Main Author: | |
|---|---|
| Format: | Book |
| Published: |
Kuala Lumpur :
Pustaka Antara Sdn.Bhd. ,
1995
|
| Subjects: |
MARC
| LEADER | 00000cam a2200000 7i4500 | ||
|---|---|---|---|
| 001 | 0000062239 | ||
| 005 | 20021021.0 | ||
| 020 | |a 9679372391 | ||
| 090 | 0 | 0 | |a 297.7 |b ABD |
| 100 | 0 | |a Abdullah Muhammad Zin |f Dr | |
| 245 | 1 | 0 | |a Islamic da'wah (mission) : |b The defination, conception & foundation |c Dr. Abdullah Muhammad Zin |
| 260 | |a Kuala Lumpur : |b Pustaka Antara Sdn.Bhd. , |c 1995 | ||
| 300 | |a 76p. ; |c 21cm. | ||
| 650 | 0 | 0 | |a Da'wah (Islam) |
| 650 | 0 | 0 | |a Islam |
| 999 | |a 00111341 |b BUKU |c PINJAMAN |e PERPUSTAKAAN KOMUNITI PETALING JAYA | ||